Estadísticas para 20 países en un mapa en blanco nº 1

Haz click aquí para intentar la prueba.

Estadísticas generales

  • Esta prueba ha sido intentada 39 veces
  • La puntuación promedio es 14 de 20

Respuestas en el mapa

Las respuestas están codificadas por una escala verde-roja en el mapa de la prueba según el % correcto abajo.
 

Estadísticas de respuestas

País% Correcto
Canadá
100%
Argentina
94%
Corea del Norte
82%
Francia
82%
Nueva Zelanda
79%
India
74%
Libia
74%
Malasia
74%
Myanmar
74%
Bután
71%
Namibia
71%
Eslovaquia
68%
Madagascar
68%
Mozambique
68%
Papúa Nueva Guinea
65%
Kenia
59%
Nigeria
59%
Honduras
56%
Bielorrusia
53%
Omán
50%

Distribución de puntuación

Porcentaje por número respondido

Porcentaje de gente con cada puntuación

Historial de tus puntuaciones

No has intentado esta prueba.